01073nam a2200289Ia 450000500170000000800270001702000180004408200170006210000260007924501100010525000170021530000410023249000330027350000210030653401170032760000530044465000300049765000300052770000510055794200120060826400250062033600270064533700330067233800280070504000350073399900150076820220317000402.0141031s9999 ck 000 0 spa d a978849771377104a540.92bL18n1 aNovelli, Luca,d1947-10aLavoisierby el misterio del quinto elemento cLuca Novelli ; traducción de Jorge J. Sánchez Iglesias a3a edición a107 páginasbilustracionesc20 cm. aVidas geniales de la ciencia aIncluye glosario tLavoiser e il mistero del quinto elemento. Incluye breve diccionarios para aprendices de químicos y alpinistas14aAntoine Laurent,d1743-1794vBiografías915303142LEMBaQuímicaxHistoria142LEMBaQuímicoszFrancia1 aSánchez Iglesias, Jorge J.etraductor915306 2ddccBK aMadridbEditexc2014 atextobtxt2rdacontent asin mediaciónbn2rdamedia avolumenbnc2rdacarrier aCO-BoRNBPbspaerdacCO-BoRNBP c3897d3897